Fußball: Alle Meister der 2.Bundesliga - Statistiken

Allgemein
  • Dieses Quiz wurde 418 mal gespielt
  • Das Durchschnittsergebnis liegt bei 20 aus 29
Antwortstatistiken
Anzahl Jahre Verein % Korrekt
3x 1982, 1991, 2022 FC Schalke 04
93%
5x 2000, 2005, 2014, 2019, 2025 1. FC Köln
92%
4x 1980/S, 1985, 2001, 2004 1. FC Nürnberg
91%
3x 1990, 2011, 2013 Hertha BSC
87%
1x 2023 1. FC Heidenheim
86%
2x 1977/S, 2017 VfB Stuttgart
86%
4x 1994, 1996, 2006, 2021 VfL Bochum
84%
3x 1975/N, 1987, 2002 Hannover 96
81%
2x 1977/N, 2024 FC St. Pauli
80%
4x 1993, 2003, 2009, 2016 SC Freiburg
80%
4x 1978/N, 1980/N, 1999, 2020 Arminia Bielefeld
79%
1x 2012 SpVgg Greuther Fürth
79%
2x 1997, 2010 1. FC Kaiserslautern
78%
2x 1978/S, 1981/S SV Darmstadt 98
77%
1x 1998 Eintracht Frankfurt
76%
2x 1989, 2018 Fortuna Düsseldorf
75%
1x 1981/N Werder Bremen
75%
1x 2008 Borussia Mönchengladbach
69%
3x 1975/S, 1984, 2007 Karlsruher SC
65%
1x 1979/S TSV 1860 München
64%
1x 1995 FC Hansa Rostock
63%
1x 1979/N Bayer 04 Leverkusen
62%
1x 2015 FC Ingolstadt 04
57%
2x 1976/S, 1992/S 1. FC Saarbrücken
48%
1x 1983 SV Waldhof Mannheim
46%
1x 1992/N Bayer 05 Uerdingen
42%
1x 1986 FC 08 Homburg
26%
1x 1988 Stuttgarter Kickers
25%
1x 1976/N Tennis Borussia Berlin
15%
Keine übereinstimmenden Quizze gefunden
Verteilung der Resultate
Anzahl Personen mit jedem Resultat
Perzentil nach korrekt beantworteten Fragen
Ihre Resultats-Entwicklung
Sie haben dieses Quiz noch nicht gespielt